[Event "Faxe Dags EMT 2015"]
[Site "Faxe"]
[Date "2015.05.06"]
[Round "5"]
[White "Nielsen, Ib"]
[Black "Christoffersen, Ib"]
[Result "1-0"]
[WhiteElo "1395"]
[BlackElo "1363"]
[PlyCount "175"]
[EventDate "2015.??.??"]

1. e4 e5 2. Nc3 Nf6 3. d3 h6 4. Nf3 Nc6 5. Be2 Be7 6. h3 Bb4 7. Bd2 d6 8. a3
Bc5 9. Nh2 Be6 10. Na4 Nd4 11. Nxc5 dxc5 12. O-O Qd6 13. f4 Nxe2+ 14. Qxe2 c4
15. fxe5 Qxe5 16. Bf4 Qd4+ 17. Kh1 cxd3 18. cxd3 Rc8 19. Nf3 Qd7 20. Ng1 c6 21.
Rad1 h5 22. Rf3 h4 23. d4 Nh5 24. Bh2 Kf8 25. Qf2 Nf6 26. Rf4 Qe7 27. Rf1 Bc4
28. Re1 b5 29. Nf3 Bd3 30. e5 Nd5 31. Rxh4 Rxh4 32. Nxh4 Qg5 33. Nf3 Qf5 34.
Qh4 Kg8 35. Ng5 Re8 36. Qg3 f6 37. Nf3 Qh7 38. exf6 Rxe1+ 39. Qxe1 gxf6 40.
Qg3+ Qg7 41. Qe1 Qd7 42. Nh4 Kf7 43. Qg3 Bh7 44. Qf3 Qe6 45. Qh5+ Kg7 46. Nf3
Bg6 47. Qh4 Qe3 48. Bg1 Qd3 49. Ne1 Qf1 50. Nf3 Ne3 51. Qf2 Qc1 52. Qxe3 Qxe3
53. Bxe3 Be4 54. Nd2 Bd5 55. b4 Kg6 56. Kg1 Kf5 57. g3 Kg6 58. g4 f5 59. Kf2
fxg4 60. hxg4 Be6 61. Kg3 Bd5 62. Kh4 Be6 63. Bf4 Bd5 64. Bb8 a6 65. Nf1 Be4
66. Ne3 Bb1 67. Bd6 Be4 68. g5 Bb1 69. Kg4 Be4 70. Be7 Bb1 71. d5 cxd5 72. Nxd5
Be4 73. Nc7 Bb7 74. Ne6 Kf7 75. Nc5 Bc8+ 76. Kh5 Kxe7 77. g6 Kf8 78. Kh6 Kg8
79. g7 Bf5 80. Nxa6 Bc8 81. Nc5 Bh3 82. a4 bxa4 83. Nxa4 Bd7 84. Nc5 Bc8 85. b5
Bh3 86. b6 Bc8 87. b7 Bxb7 88. Nxb7 1-0

[Event "Faxe Dags EMT 2015"]
[Site "Faxe"]
[Date "2015.05.20"]
[Round "5"]
[White "Larsen, Poul Erik"]
[Black "Eriksen, Knud Ejler"]
[Result "1-0"]
[WhiteElo "1251"]
[BlackElo "1184"]
[PlyCount "125"]
[EventDate "2015.??.??"]

1. Nf3 Nf6 2. d4 e6 3. Nbd2 d5 4. e3 a6 5. Bd3 Nbd7 6. O-O c5 7. c4 b6 8. Qc2
h6 9. b3 Bb7 10. Bb2 Be7 11. a4 a5 12. Rfe1 O-O 13. h3 Bd6 14. e4 dxe4 15. Bxe4
Nxe4 16. Nxe4 Bxe4 17. Qxe4 Qc7 18. Rad1 Nf6 19. Qh4 Kh7 20. dxc5 Be7 21. Bxf6
Bxf6 22. Qe4+ Kg8 23. cxb6 Qxb6 24. Rd3 Be7 25. Red1 Bc5 26. Qe2 Rae8 27. Ne5
Rd8 28. Qf3 Bd4 29. Nc6 e5 30. Nxd8 Rxd8 31. Kf1 Rd6 32. R1d2 Rf6 33. Qa8+ Kh7
34. Qe4+ g6 35. Rf3 Rxf3 36. Qxf3 f5 37. Qd5 h5 38. Qb5 Qa7 39. f3 Kh6 40. Re2
Kg5 41. Rxe5 Bxe5 42. Qxe5 Qb6 43. Qc3 Qc5 44. Ke2 Qc7 45. Qe3+ f4 46. Qd3 Qe5+
47. Kf2 Qb2+ 48. Kg1 Qc1+ 49. Kh2 Kh4 50. Qxg6 Qb2 51. Qf5 Qd4 52. Qe4 Qe3 53.
g3+ Kg5 54. h4+ Kh6 55. Qxf4+ Qxf4 56. gxf4 Kg6 57. c5 Kf7 58. c6 Ke7 59. f5
Ke8 60. Kg3 Ke7 61. Kf4 Kd6 62. Kg5 Ke7 63. f6+ 1-0

[Event "Faxe Dags EMT 2015"]
[Site "Faxe"]
[Date "2015.05.06"]
[Round "5"]
[White "Meldal, Peter"]
[Black "Nielsen, Henning Sogaard"]
[Result "1-0"]
[WhiteElo "1078"]
[BlackElo "1172"]
[PlyCount "107"]
[EventDate "2015.??.??"]

1. f4 Nf6 2. Nf3 d6 3. e3 Nc6 4. Be2 h6 5. O-O e5 6. fxe5 dxe5 7. Bb5 Bd7 8.
Nc3 Bd6 9. d3 O-O 10. b3 a6 11. Bxc6 Bxc6 12. Bb2 Ng4 13. Qe2 Qd7 14. h3 Nf6
15. Nh4 Qe7 16. Nf5 Qe6 17. Qf2 Nh5 18. Qh4 Qg6 19. Ne4 Bxe4 20. dxe4 Rae8 21.
Nxd6 cxd6 22. Rf5 Ng3 23. Rf3 Nxe4 24. c4 b6 25. Rd1 Re6 26. Qe1 a5 27. a3 Qh5
28. g4 Qg5 29. Rf5 Qe7 30. Qf1 Ng3 31. Qg2 Nxf5 32. gxf5 Rf6 33. Rf1 Qd8 34. e4
g6 35. Kh1 Kh7 36. Bc1 Rg8 37. Qd2 g5 38. Qf2 Qa8 39. Qf3 Rg7 40. Be3 Qb8 41.
Bf2 b5 42. c5 Kg8 43. c6 Rh7 44. Rc1 Kg7 45. h4 Qc8 46. Qe3 Rh8 47. Qb6 d5 48.
Qxb5 dxe4 49. Qxe5 Qxf5 50. Qxf5 Rxf5 51. Bd4+ Kh7 52. Bxh8 Kxh8 53. c7 e3 54.
c8=Q+ 1-0

[Event "Faxe Dags EMT 2015"]
[Site "Faxe"]
[Date "2015.05.06"]
[Round "5"]
[White "Adrian, Michael"]
[Black "Jakobsen, Henning"]
[Result "0-1"]
[WhiteElo "1458"]
[BlackElo "1393"]
[PlyCount "96"]
[EventDate "2015.??.??"]

1. d4 Nf6 2. e3 g6 3. Bd3 Bg7 4. f4 d6 5. Nf3 Bg4 6. Nbd2 O-O 7. O-O Nc6 8. c3
Nd7 9. Qe1 e5 10. Qg3 f5 11. Ng5 Qe8 12. Bc4+ Kh8 13. Ne6 Nb6 14. Nxf8 Qxf8 15.
b3 Nxc4 16. Nxc4 exd4 17. cxd4 Nxd4 18. exd4 Bxd4+ 19. Be3 Bxa1 20. Rxa1 Qg7
21. Qe1 Re8 22. a4 b6 23. Rb1 Kg8 24. Qd2 Qf7 25. Kf2 Qe6 26. Re1 Kf7 27. Qc3
Qd7 28. Bd4 Rxe1 29. Qxe1 Qe6 30. Qxe6+ Kxe6 31. Ne3 c5 32. Bc3 d5 33. Be5 a6
34. Ke1 b5 35. Kd2 d4 36. Nxg4 fxg4 37. axb5 axb5 38. Kd3 Kd5 39. h4 gxh3 40.
gxh3 h5 41. h4 c4+ 42. bxc4+ bxc4+ 43. Ke2 Ke4 44. Kd2 c3+ 45. Kc2 Ke3 46. Bd6
d3+ 47. Kxc3 d2 48. Bc5+ Ke2 0-1

[Event "Faxe Dags EMT 2015"]
[Site "Faxe"]
[Date "2015.05.13"]
[Round "6"]
[White "Andersen, Bjarne Hjorth"]
[Black "Arnkilde, Anders"]
[Result "1-0"]
[WhiteElo "1971"]
[BlackElo "1996"]
[PlyCount "99"]
[EventDate "2015.??.??"]

1. e4 e5 2. Nf3 d6 3. d4 exd4 4. Nxd4 Nf6 5. Nc3 Be7 6. Be2 O-O 7. Be3 Nbd7 8.
Qd2 a6 9. g4 Nc5 10. f3 Re8 11. O-O-O Nfd7 12. g5 Nb6 13. h4 Ne6 14. Nf5 Nc5
15. Bd4 Bxf5 16. exf5 Qc8 17. f6 Bf8 18. h5 Qe6 19. fxg7 Bxg7 20. Bxg7 Kxg7 21.
Rde1 Qe3 22. Qxe3 Rxe3 23. Kd2 Re5 24. f4 Ne4+ 25. Kc1 Ree8 26. Bd3 Nf2 27. h6+
Kg8 28. Ne4 Nxd3+ 29. cxd3 Nd5 30. f5 Re5 31. Nf6+ Nxf6 32. Rxe5 dxe5 33. gxf6
Rd8 34. Re1 Rd6 35. Rxe5 Kf8 36. Re7 Rxf6 37. Rxc7 Rc6+ 38. Rxc6 bxc6 39. Kd2
Ke7 40. Ke3 Kd6 41. Ke4 f6 42. d4 a5 43. b3 Kc7 44. Kd3 Kb7 45. Kc4 Kb6 46. a3
Kb7 47. Kc5 Kc7 48. b4 axb4 49. axb4 Kd7 50. d5 1-0

[Event "Faxe Dags EMT 2015"]
[Site "Faxe"]
[Date "2015.05.13"]
[Round "6"]
[White "Pedersen, Hans Dahl"]
[Black "Sorensen, Lindved"]
[Result "1-0"]
[WhiteElo "2117"]
[BlackElo "1623"]
[PlyCount "117"]
[EventDate "2015.??.??"]

1. c4 Nf6 2. g3 d5 3. cxd5 Qxd5 4. Nf3 Bf5 5. Nc3 Qc5 6. Bg2 Ne4 7. Qa4+ Qc6 8.
Nh4 Qxa4 9. Nxa4 g6 10. g4 Bxg4 11. Bxe4 c6 12. Nc5 Bc8 13. d4 Nd7 14. Nxd7
Bxd7 15. Bd2 Bg7 16. Bc3 f5 17. Bg2 Bf6 18. Nf3 O-O-O 19. O-O-O Be6 20. Kb1 Bd5
21. Ne1 c5 22. Bxd5 Rxd5 23. Nf3 Rhd8 24. Rc1 Kb8 25. dxc5 Bxc3 26. Rxc3 Rd1+
27. Rc1 R1d5 28. c6 Rc8 29. cxb7 Kxb7 30. Rhd1 Rcd8 31. Rxd5 Rxd5 32. b4 Kb6
33. Kc2 e5 34. Rd1 Rb5 35. Kb3 a5 36. a3 axb4 37. axb4 e4 38. Ng5 h6 39. Nf7 f4
40. Rd6+ Kc7 41. Rxg6 f3 42. exf3 Rf5 43. fxe4 Rxf7 44. Rxh6 Rxf2 45. Kc4 Re2
46. Kd5 Rd2+ 47. Kc5 Rc2+ 48. Kb5 Re2 49. Rh4 Rg2 50. e5 Kd7 51. Kb6 Rg6+ 52.
Kb7 Ke6 53. b5 Kxe5 54. Rc4 Kd5 55. Rc2 Rh6 56. b6 Rh7+ 57. Ka8 Rh8+ 58. Ka7
Rh7+ 59. b7 1-0

[Event "Faxe Dags EMT 2015"]
[Site "Faxe"]
[Date "2015.05.13"]
[Round "6"]
[White "Lindskov, Villy"]
[Black "Petersen, Bent"]
[Result "0-1"]
[WhiteElo "1839"]
[BlackElo "1784"]
[PlyCount "78"]
[EventDate "2015.??.??"]

1. e4 c5 2. Nf3 Nc6 3. d4 cxd4 4. Nxd4 g6 5. Be3 Bg7 6. Nc3 d6 7. Qd2 Nf6 8. f3
O-O 9. O-O-O a6 10. g4 Nxd4 11. Bxd4 b5 12. h4 h5 13. gxh5 Nxh5 14. Bxg7 Kxg7
15. Qd4+ Kg8 16. Bh3 Bxh3 17. Rxh3 Rc8 18. Qd2 Kh7 19. Kb1 Rc5 20. Nd5 Qd7 21.
Rh2 Rg8 22. Rg1 Qe6 23. Rg5 Rgc8 24. Qd3 Rg8 25. Qd2 Rgc8 26. c3 f6 27. Rg1 a5
28. Rhg2 Rg8 29. Nf4 Nxf4 30. Qxf4 b4 31. cxb4 axb4 32. b3 Rh5 33. Rg4 Qe5 34.
Qd2 Qb5 35. f4 Qb7 36. Qd3 Qb6 37. f5 g5 38. hxg5 Rgxg5 39. Rxg5 Rxg5 0-1

[Event "Faxe Dags EMT 2015"]
[Site "Faxe"]
[Date "2015.05.13"]
[Round "6"]
[White "Stuhr, Peter Sebastian"]
[Black "Nielsen, Flemming"]
[Result "1-0"]
[WhiteElo "1884"]
[BlackElo "1650"]
[PlyCount "49"]
[EventDate "2015.??.??"]

1. e4 e5 2. Nc3 Nf6 3. Bc4 Nc6 4. d3 Bc5 5. Be3 Nd4 6. Nd5 d6 7. c3 Ne6 8. d4
exd4 9. cxd4 Bb6 10. Nxb6 axb6 11. e5 Nd7 12. Qg4 Ndf8 13. d5 h5 14. Qg3 h4 15.
Qg4 f5 16. exf6 Qxf6 17. dxe6 Nxe6 18. Qe4 c6 19. Bxe6 Bxe6 20. Bd4 Qf7 21. Nf3
d5 22. Qe5 O-O-O 23. Ng5 Qg6 24. Nxe6 Qf7 25. Nxd8 1-0

[Event "Faxe Dags EMT 2015"]
[Site "Faxe"]
[Date "2015.05.13"]
[Round "6"]
[White "Hansen, Aage"]
[Black "Krogh, Peter Ove"]
[Result "1/2-1/2"]
[WhiteElo "1686"]
[BlackElo "1802"]
[PlyCount "134"]
[EventDate "2015.??.??"]

1. e4 c5 2. Nf3 a6 3. c4 e6 4. Nc3 Qc7 5. d4 cxd4 6. Nxd4 Nf6 7. Be3 Bd6 8. h3
Bf4 9. Qd2 Bxe3 10. Qxe3 O-O 11. Be2 d6 12. O-O Bd7 13. f4 Nc6 14. Rad1 Rad8
15. Nf3 Na5 16. b3 Qc5 17. Qxc5 dxc5 18. e5 Nh5 19. Ng5 Ng3 20. Rf2 Nc6 21. Bd3
h6 22. Nf3 Nb4 23. Rfd2 Nc6 24. Bb1 Bc8 25. Kf2 Nh5 26. Ke3 g6 27. g4 Ng7 28.
Na4 h5 29. Nxc5 b6 30. Ne4 Rxd2 31. Rxd2 Rd8 32. Rd6 Bb7 33. a3 Kf8 34. b4 hxg4
35. hxg4 Rxd6 36. Nxd6 Nd8 37. Nd4 Ne8 38. c5 bxc5 39. bxc5 Nc7 40. Nxb7 Nxb7
41. c6 Nc5 42. Ba2 Ke7 43. Bc4 Kd8 44. Nb3 Nxb3 45. Bxb3 Nb5 46. a4 Na7 47. Bc4
a5 48. Bb5 Kc7 49. Kd4 Nxc6+ 50. Kc5 Nb4 51. Bc4 g5 52. fxg5 Nc6 53. g6 fxg6
54. Bxe6 Nxe5 55. Kb5 Kd6 56. Bc8 Kc7 57. Bf5 gxf5 58. gxf5 Nd7 59. Kxa5 Kc6
60. Kb4 Kd6 61. Kb5 Kc7 62. a5 Nf6 63. a6 Nd7 64. Ka5 Nb8 65. f6 Kd7 66. f7 Ke7
67. a7 Nc6+ 1/2-1/2

[Event "Faxe Dags EMT 2015"]
[Site "Faxe"]
[Date "2015.05.13"]
[Round "6"]
[White "Stuhr, Finn"]
[Black "Refsgaard, Kaj"]
[Result "0-1"]
[WhiteElo "1765"]
[BlackElo "1754"]
[PlyCount "48"]
[EventDate "2015.??.??"]

1. e4 c5 2. Nc3 g6 3. f4 Bg7 4. Nge2 d6 5. d3 Nc6 6. Bd2 Nf6 7. h3 a6 8. a4 e5
9. Ng3 d5 10. Nce2 O-O 11. c3 Re8 12. Qc2 exf4 13. Bxf4 dxe4 14. Nxe4 Nh5 15.
Bh2 Be5 16. Nxc5 Bxh2 17. Rxh2 Qd6 18. Ne4 Qxh2 19. g4 Qe5 20. gxh5 Bf5 21. Bg2
Rac8 22. O-O-O Bxe4 23. Bxe4 Qxh5 24. Qb3 Qxe2 0-1

[Event "Faxe Dags EMT 2015"]
[Site "Faxe"]
[Date "2015.05.20"]
[Round "6"]
[White "Andersen, Hans E"]
[Black "Mathiasen, Gunnar"]
[Result "1/2-1/2"]
[WhiteElo "1500"]
[BlackElo "1340"]
[PlyCount "57"]
[EventDate "2015.??.??"]

1. e4 e5 2. Nf3 d6 3. Bc4 Nc6 4. d3 h6 5. Be3 Nf6 6. h3 Ne7 7. Nc3 c6 8. a4 Ng6
9. Qd2 Be7 10. Bb3 O-O 11. g3 Be6 12. Bxe6 fxe6 13. Bxh6 Nxe4 14. Nxe4 Rxf3 15.
Bg5 d5 16. Bxe7 Qxe7 17. Ng5 Rf5 18. h4 Nh8 19. O-O-O Nf7 20. Nh3 Nd6 21. Qb4
Qd7 22. Qg4 Nf7 23. Rh2 Nh6 24. Qe2 c5 25. g4 Rf7 26. g5 Nf5 27. Qxe5 Qxa4 28.
b3 Qa3+ 29. Qb2 1/2-1/2

[Event "Faxe Dags EMT 2015"]
[Site "Faxe"]
[Date "2015.05.13"]
[Round "6"]
[White "Christoffersen, Per"]
[Black "Zachariassen, John"]
[Result "0-1"]
[WhiteElo "1609"]
[BlackElo "1954"]
[PlyCount "94"]
[EventDate "2015.??.??"]

1. d4 Nf6 2. Nf3 d6 3. e3 Bg4 4. Bd3 Nbd7 5. c4 e5 6. Qc2 Bxf3 7. gxf3 c5 8. d5
g6 9. e4 Nh5 10. Nc3 a6 11. Be3 Nf4 12. O-O-O Rb8 13. Qd2 Qf6 14. Be2 Be7 15.
h4 Bd8 16. Bxf4 exf4 17. Rdg1 h5 18. Qc2 Qe5 19. Qa4 Bf6 20. Bf1 Qe7 21. Bh3 b5
22. cxb5 axb5 23. Qa7 Rd8 24. Bxd7+ Rxd7 25. Qb8+ Rd8 26. Qxb5+ Kf8 27. Ne2 Be5
28. Rg5 Kg7 29. Qc4 Rb8 30. Nc3 Rb4 31. Qd3 Rhb8 32. Qc2 Qf6 33. Rxe5 Qxe5 34.
Nd1 Qd4 35. Rg1 Ra8 36. a3 Rxa3 37. bxa3 Rc4 38. Qxc4 Qxc4+ 39. Kb2 Qe2+ 40.
Kb3 Qxf3+ 41. Nc3 Qxf2 42. Ra1 Qd4 43. Rd1 c4+ 44. Kc2 Qc5 45. a4 f3 46. Rf1
Qe3 47. Rd1 f2 0-1

[Event "Faxe Dags EMT 2015"]
[Site "Faxe"]
[Date "2015.05.20"]
[Round "6"]
[White "Larsen, Paul M"]
[Black "Nielsen, Ib"]
[Result "1-0"]
[WhiteElo "1165"]
[BlackElo "1395"]
[PlyCount "75"]
[EventDate "2015.??.??"]

1. e4 e5 2. f4 exf4 3. Nf3 d6 4. Bc4 Bg4 5. O-O Nd7 6. d4 Be7 7. Bxf4 Nb6 8.
Bb3 Bh5 9. Nc3 c6 10. Qe2 a5 11. a4 Nf6 12. e5 Nfd5 13. Nxd5 dxe5 14. Nxe7 Qxe7
15. Qxe5 Qxe5 16. Bxe5 O-O 17. c4 Nd7 18. Bd6 Rfd8 19. Bg3 Nf8 20. d5 Rac8 21.
d6 c5 22. Rae1 Ne6 23. Bc2 g6 24. Be5 Bxf3 25. Rxf3 Nd4 26. Bxd4 cxd4 27. Bd3
Rxd6 28. Re7 f5 29. Rxb7 Re8 30. Rb5 Re3 31. Rd5 Ree6 32. Rf4 Rb6 33. Rb5 Rbd6
34. c5 Rd8 35. Bc4 Kf7 36. Bxe6+ Kxe6 37. Rb6+ Ke5 38. Rd6 1-0

[Event "Faxe Dags EMT 2015"]
[Site "Faxe"]
[Date "2015.05.13"]
[Round "6"]
[White "Eckert, Svend"]
[Black "Nielsen, Kurt Sogaard"]
[Result "0-1"]
[WhiteElo "1506"]
[BlackElo "1619"]
[PlyCount "114"]
[EventDate "2015.??.??"]

1. c4 c5 2. e3 e6 3. Nc3 Nf6 4. d4 d5 5. Nf3 Nc6 6. a3 a6 7. dxc5 Bxc5 8. b4
Be7 9. c5 O-O 10. Bb2 b6 11. Nd4 Bb7 12. Na4 bxc5 13. bxc5 Ne4 14. Nb3 Na5 15.
Bd3 Bc6 16. Nc3 Nxb3 17. Qxb3 Nxc5 18. Qc2 Nxd3+ 19. Qxd3 Qa5 20. O-O Rab8 21.
Rfb1 Rb3 22. Qc2 Rfb8 23. h3 Qc5 24. Qd2 Bf6 25. Nd1 Bxb2 26. Rxb2 f6 27. Rc1
Qd6 28. Rxb3 Rxb3 29. Qc2 Rb6 30. a4 Be8 31. a5 Rc6 32. Nc3 Qb4 33. Qd3 Qxa5
34. Ne2 Rxc1+ 35. Nxc1 Bb5 36. Qc2 Bc4 37. g3 Qb5 38. Na2 a5 39. Nc3 Qb3 40.
Qxb3 Bxb3 41. Nb5 a4 42. f4 Bc4 43. Na3 g5 44. Kf2 Bb3 45. Ke1 h5 46. fxg5 fxg5
47. Kd2 Kf7 48. Kc3 Kf6 49. Nb5 Ke5 50. h4 gxh4 51. gxh4 Kf5 52. Nd4+ Kg4 53.
Nxe6 d4+ 54. Nxd4 Kxh4 55. Nxb3 axb3 56. Kxb3 Kg5 57. Kc4 h4 0-1

[Event "Faxe Dags EMT 2015"]
[Site "Faxe"]
[Date "2015.05.13"]
[Round "6"]
[White "Andersen, Hans Poul"]
[Black "Meldal, Peter"]
[Result "0-1"]
[WhiteElo "1330"]
[BlackElo "1078"]
[PlyCount "88"]
[EventDate "2015.??.??"]

1. e4 e5 2. Nf3 d6 3. d3 Nf6 4. h3 Nc6 5. Bd2 Be7 6. Be2 Be6 7. O-O Qd7 8. Nh2
Nd4 9. c3 Nxe2+ 10. Qxe2 O-O 11. f4 exf4 12. Bxf4 c6 13. Nd2 d5 14. e5 Ne8 15.
d4 c5 16. b3 Rc8 17. a4 Nc7 18. Ndf3 b5 19. Bd2 c4 20. axb5 Nxb5 21. b4 Bf5 22.
Ne1 Rc6 23. Qf2 Be4 24. Qf4 Rg6 25. Rf2 Qxh3 26. Nhf3 Qd7 27. Qh2 f6 28. Qh5
Qe6 29. Nh4 Qg4 30. Qxg4 Rxg4 31. Nf5 Bd8 32. Nd6 Nxd6 33. exd6 Bb6 34. Bf4 g5
35. Bd2 h5 36. Nf3 h4 37. Kh2 Bd3 38. Re1 Re4 39. Be3 Rfe8 40. Ne5 fxe5 41. Bd2
g4 42. Rf6 exd4 43. d7 Bc7+ 44. Kg1 Rxe1+ 0-1

[Event "Faxe Dags EMT 2015"]
[Site "Faxe"]
[Date "2015.05.13"]
[Round "6"]
[White "Alic, Ohran"]
[Black "Larsen, Poul Erik"]
[Result "1-0"]
[WhiteElo "1582"]
[BlackElo "1251"]
[PlyCount "103"]
[EventDate "2015.??.??"]

1. d4 g6 2. Nf3 Bg7 3. c3 Nf6 4. g3 O-O 5. Bg2 d5 6. O-O Bd7 7. Qb3 Qc8 8. Ne5
c6 9. Nxd7 Nbxd7 10. Nd2 e5 11. dxe5 Nxe5 12. e4 dxe4 13. Nxe4 Nxe4 14. Bxe4
Qh3 15. Bg2 Qc8 16. Be3 Re8 17. Bd4 Qc7 18. Rfe1 b6 19. Bxe5 Bxe5 20. Qc4 Rac8
21. f4 b5 22. Qxc6 Qxc6 23. Bxc6 Rxc6 24. Rxe5 Rxe5 25. fxe5 Re6 26. Re1 f6 27.
Kf2 fxe5 28. Ke3 Kf7 29. Ke4 Rf6 30. Re2 Ke6 31. Rd2 Rf1 32. Re2 Rd1 33. Rc2
Re1+ 34. Kf3 g5 35. Kg4 Kf6 36. Rf2+ Kg6 37. Kf3 e4+ 38. Kg2 e3 39. Rc2 Kf5 40.
h3 Ke4 41. c4 bxc4 42. Rxc4+ Kd3 43. Rc7 Re2+ 44. Kf3 Rf2+ 45. Kg4 Rxb2 46.
Rxa7 Rb4+ 47. Kf3 h5 48. Rd7+ Rd4 49. Rxd4+ Kxd4 50. Ke2 h4 51. g4 Ke4 52. a4
1-0

[Event "Faxe Dags EMT 2015"]
[Site "Faxe"]
[Date "2015.05.13"]
[Round "6"]
[White "Hansen, Borge"]
[Black "Eriksen, Knud Ejler"]
[Result "1-0"]
[WhiteElo "1430"]
[BlackElo "1184"]
[PlyCount "95"]
[EventDate "2015.??.??"]

1. d4 f5 2. c4 Nf6 3. Bg5 e6 4. e3 Bb4+ 5. Nd2 O-O 6. Ngf3 d6 7. a3 Bxd2+ 8.
Nxd2 Nbd7 9. f4 b6 10. Be2 Bb7 11. O-O Qe8 12. Bf3 Bxf3 13. Qxf3 c5 14. b3 h6
15. Bh4 Qc8 16. Rac1 Qe8 17. h3 Qh5 18. Qxh5 Nxh5 19. Nf3 Nhf6 20. Kh2 d5 21.
Rfe1 Rac8 22. Bxf6 Rxf6 23. Ne5 Nf8 24. cxd5 exd5 25. Rc2 Ne6 26. Rec1 Rff8 27.
Nd3 Rc6 28. dxc5 Rfc8 29. b4 Kh7 30. b5 R6c7 31. c6 d4 32. exd4 Nxd4 33. Rb2
Rd8 34. Ne5 Ne6 35. g3 Nc5 36. Ra2 Rd5 37. Re1 Ne4 38. Nd7 Rxb5 39. Rc2 Rb3 40.
g4 Nd6 41. Re7 Kg8 42. Nf6+ gxf6 43. Rxc7 fxg4 44. hxg4 Rxa3 45. Rd7 Ne8 46. c7
Nxc7 47. Rcxc7 Ra2+ 48. Kh3 1-0

[Event "Faxe Dags EMT 2015"]
[Site "Faxe"]
[Date "2015.05.13"]
[Round "6"]
[White "Jakobsen, Henning"]
[Black "Christoffersen, Ib"]
[Result "0-1"]
[WhiteElo "1393"]
[BlackElo "1363"]
[PlyCount "110"]
[EventDate "2015.??.??"]

1. d4 d5 2. c4 dxc4 3. Nc3 Bd7 4. a4 Nf6 5. e4 c6 6. Bxc4 h6 7. Nf3 Bg4 8. O-O
e6 9. Be2 Nbd7 10. Be3 Bb4 11. Qc2 Bxc3 12. bxc3 O-O 13. h3 Bh5 14. e5 Nd5 15.
Qd2 Bxf3 16. Bxf3 Qh4 17. Bxd5 cxd5 18. Qe1 Nb6 19. f4 Qe7 20. f5 f6 21. Qg3
Kh7 22. Qg6+ Kh8 23. Rf3 fxe5 24. dxe5 exf5 25. Rxf5 Rxf5 26. Qxf5 Rf8 27. Qg4
Nc4 28. Bd4 Nxe5 29. Qg3 Rf5 30. Re1 Nf3+ 31. gxf3 Qf7 32. Re3 Rg5 33. Kh2 Rxg3
34. Kxg3 b6 35. f4 Qg6+ 36. Kf3 Qf7 37. Kg3 Kh7 38. Rf3 Qg6+ 39. Kh4 Qe4 40.
Kg4 h5+ 41. Kg3 Qe1+ 42. Kg2 h4 43. Bf2 Qd2 44. Re3 d4 45. cxd4 Qxd4 46. Kf3
Qxa4 47. Bxh4 Qc6+ 48. Kg3 a5 49. Re7 Qg6+ 50. Bg5 Qd3+ 51. Kg4 Qd4 52. h4 Qg1+
53. Kf5 Qc5+ 54. Ke6 Qc8+ 55. Kf7 Qg8# 0-1

[Event "Faxe Dags EMT 2015"]
[Site "Faxe"]
[Date "2015.05.13"]
[Round "6"]
[White "Nielsen, Henning Sogaard"]
[Black "Adrian, Michael"]
[Result "0-1"]
[WhiteElo "1172"]
[BlackElo "1458"]
[PlyCount "52"]
[EventDate "2015.??.??"]

1. d4 d5 2. c4 c6 3. Nf3 e6 4. a3 Bd6 5. e3 f5 6. g3 Nf6 7. c5 Bc7 8. Be2 O-O
9. O-O Nbd7 10. b4 a6 11. a4 Ne4 12. Nbd2 Qf6 13. Nxe4 fxe4 14. Nd2 Qe7 15. Nb3
Nf6 16. Bd2 e5 17. Qe1 exd4 18. exd4 Bh3 19. b5 axb5 20. axb5 Bxf1 21. Qxf1
Rxa1 22. Qxa1 Qd7 23. Kg2 Ng4 24. Bxg4 Qxg4 25. Qg1 Qf3+ 26. Kh3 Rf5 0-1

[Event "Faxe Dags EMT 2015"]
[Site "Faxe"]
[Date "2015.05.27"]
[Round "7"]
[White "Petersen, Bent"]
[Black "Pedersen, Hans Dahl"]
[Result "0-1"]
[WhiteElo "1784"]
[BlackElo "2117"]
[PlyCount "74"]
[EventDate "2015.??.??"]

1. d4 d5 2. c4 c6 3. Nc3 Nf6 4. e3 a6 5. Nf3 Bf5 6. Qb3 Ra7 7. Bd2 e6 8. Ne5
Nbd7 9. f4 Be7 10. Be2 h6 11. O-O O-O 12. Rac1 Ne4 13. Nxe4 Bxe4 14. Bd3 Nxe5
15. fxe5 dxc4 16. Qxc4 b5 17. Qc2 Bxd3 18. Qxd3 c5 19. Qe2 cxd4 20. Qg4 Bg5 21.
Rcd1 Rd7 22. exd4 Bxd2 23. Rxd2 Rd5 24. Rf3 Rxe5 25. Rdf2 Re1+ 26. Rf1 Rxf1+
27. Kxf1 Qd5 28. Rg3 g6 29. Rh3 h5 30. Qf4 Rd8 31. Rf3 Rd7 32. Ra3 Qc4+ 33. Kg1
Rxd4 34. Qb8+ Kh7 35. h3 Qc5 36. Qg3 Rd1+ 37. Kh2 Qg1# 0-1

[Event "Faxe Dags EMT 2015"]
[Site "Faxe"]
[Date "2015.05.27"]
[Round "7"]
[White "Arnkilde, Anders"]
[Black "Nielsen, Jan Mose"]
[Result "1-0"]
[WhiteElo "1996"]
[BlackElo "2065"]
[PlyCount "35"]
[EventDate "2015.??.??"]

1. e4 e5 2. Nf3 Nc6 3. Bc4 Nf6 4. Nc3 Bc5 5. d3 h6 6. Be3 d6 7. Bxc5 dxc5 8.
Bb5 Qd6 9. Bxc6+ bxc6 10. Nd2 Be6 11. b3 Nd7 12. O-O g5 13. Nc4 Qf8 14. Qh5 Qg7
15. Ne3 Nf6 16. Qe2 Qg6 17. Na4 Nd7 18. Qd2 1-0

[Event "Faxe Dags EMT 2015"]
[Site "Faxe"]
[Date "2015.05.27"]
[Round "7"]
[White "Sorensen, Lindved"]
[Black "Andersen, Bjarne Hjorth"]
[Result "0-1"]
[WhiteElo "1623"]
[BlackElo "1971"]
[PlyCount "76"]
[EventDate "2015.??.??"]

1. Nf3 Nf6 2. c4 g6 3. b3 Bg7 4. Bb2 O-O 5. g3 d6 6. Bg2 e5 7. d3 Nc6 8. O-O
Bd7 9. Nc3 Qc8 10. Ne1 Re8 11. Nd5 Ne7 12. Nxf6+ Bxf6 13. f4 Bc6 14. fxe5 Bxe5
15. d4 Bxg2 16. Nxg2 Bg7 17. e4 Nc6 18. Qf3 Qd7 19. Rad1 Re7 20. Bc3 Rae8 21.
Rfe1 Nd8 22. Nf4 c6 23. e5 dxe5 24. dxe5 Qc7 25. e6 Nxe6 26. Bxg7 Nxg7 27. Rf1
Nf5 28. Ng2 Ne3 29. Nxe3 Rxe3 30. Qf6 R3e6 31. Qf2 b6 32. Rd4 f5 33. Qd2 Re2
34. Qg5 Qe5 35. Rd7 Qe4 36. Rf2 Re1+ 37. Rf1 Rxf1+ 38. Kxf1 Qf3+ 0-1

[Event "Faxe Dags EMT 2015"]
[Site "Faxe"]
[Date "2015.05.27"]
[Round "7"]
[White "Refsgaard, Kaj"]
[Black "Stuhr, Peter Sebastian"]
[Result "1-0"]
[WhiteElo "1754"]
[BlackElo "1884"]
[PlyCount "109"]
[EventDate "2015.??.??"]

1. d4 d6 2. Nf3 Nd7 3. Bg5 Ngf6 4. e3 c6 5. Bd3 e5 6. dxe5 dxe5 7. Nbd2 Qc7 8.
O-O Be7 9. c3 a5 10. Rc1 Nc5 11. Bb1 b6 12. Nc4 Ng4 13. Bxe7 Kxe7 14. h3 e4 15.
hxg4 Rd8 16. Nd4 Ba6 17. b3 h6 18. Re1 Rd5 19. Nd2 Bd3 20. b4 Bxb1 21. bxc5
Bxa2 22. cxb6 Qxb6 23. Qc2 h5 24. Qxa2 hxg4 25. Rb1 Qc7 26. Qb3 Ra7 27. Qb6 Kd7
28. Qxc7+ Rxc7 29. Nxe4 Ke7 30. Rb6 f5 31. Ng3 Rc5 32. Nge2 g5 33. g3 Kd6 34.
Reb1 Ke5 35. Ra1 Ke4 36. Ra6 Kd3 37. R6xa5 Rxa5 38. Rxa5 c5 39. Ne6 Rc6 40.
Rxc5 Rxe6 41. Nd4 Ra6 42. Rxf5 Kxc3 43. Rxg5 Kd3 44. Rxg4 Ra2 45. Rf4 Kc4 46.
g4 Kd5 47. g5 Ke5 48. Rg4 Ra8 49. g6 Kf6 50. g7 Rg8 51. f4 Kf7 52. Nf5 Kf6 53.
Nh6 Ra8 54. g8=Q Re8 55. Qf7# 1-0

[Event "Faxe Dags EMT 2015"]
[Site "Faxe"]
[Date "2015.05.27"]
[Round "7"]
[White "Zachariassen, John"]
[Black "Stuhr, Finn"]
[Result "0-1"]
[WhiteElo "1954"]
[BlackElo "1765"]
[PlyCount "80"]
[EventDate "2015.??.??"]

1. Nf3 Nc6 2. g3 b6 3. Bg2 Bb7 4. O-O Nf6 5. d4 e6 6. c4 d5 7. b3 Be7 8. Bb2
Qd7 9. Nc3 O-O-O 10. Rc1 Kb8 11. cxd5 Nxd5 12. Nxd5 exd5 13. a3 Ba6 14. Qc2 Bb7
15. b4 h5 16. b5 Na5 17. Ne5 Qe6 18. Qxc7+ Ka8 19. Nc6 Bxc6 20. bxc6 Bd6 21.
Qd7 Rxd7 22. cxd7 Nc4 23. Rxc4 Kb8 24. Rc2 h4 25. Rfc1 Qxd7 26. Bxd5 hxg3 27.
hxg3 Bxg3 28. Bg2 Bd6 29. e4 Bh2+ 30. Kf1 Qb5+ 31. Re2 Bf4 32. Rb1 Qd3 33. Rbe1
Rh2 34. Kg1 Rh5 35. d5 Rg5 36. Kf1 Bd2 37. Bc1 Bxc1 38. Rxc1 Rxg2 39. Rce1 Qf3
40. d6 Rh2 0-1

[Event "Faxe Dags EMT 2015"]
[Site "Faxe"]
[Date "2015.05.27"]
[Round "7"]
[White "Krogh, Peter Ove"]
[Black "Andersen, Hans E"]
[Result "1-0"]
[WhiteElo "1802"]
[BlackElo "1500"]
[PlyCount "53"]
[EventDate "2015.??.??"]

1. c4 e5 2. Nc3 Nf6 3. Nf3 Nc6 4. g3 Bc5 5. e3 d6 6. a3 a6 7. d4 exd4 8. exd4
Qe7+ 9. Be2 Ba7 10. O-O O-O 11. Bg5 Re8 12. Re1 Bg4 13. Nd5 Qd8 14. Nxf6+ gxf6
15. Be3 h5 16. h4 Kh8 17. Kh2 Rg8 18. Ng1 Ne7 19. Bxg4 hxg4 20. Ne2 d5 21. c5
c6 22. Nf4 f5 23. Qd2 a5 24. Rab1 Bb8 25. Ng2 Ng6 26. Bg5 f6 27. Bxf6+ 1-0